000 01125nam a2200337 c 4500
001 58191
003 CO-BoRNBP
005 20250820150646.0
007 ta
008 231129s2023 ck a|||br 000 j spa d
020 _a9786289568950
040 _aCO-BoRNBP
_bspa
_erda
_cCO-BoRNBP
041 0 _hspa
043 _0e-sp---
_0s-ck---
084 _aC
100 _aNicolás, Sara,
_d1978-
_eaut
245 1 1 _a¡Ouah! :
_bSara Nicolás y Óscar Rull ; ilustraciones Rafa Antón.
250 _aEdición especial
264 1 _aBogotá, Colombia :
_bA S ediciones,
_c2023
300 _a34 páginas sin numerar :
_bilustraciones a color
336 _atexto
_btxt
_2rdacontent
337 _asin mediación
_bn
_2rdamedia
338 _avolumen
_bnc
_2rdacarrier
521 1 _aRecomendado para un público infantil a partir de los 6 años
650 0 7 _aAnimales en la literatura
_2LEMB
_9853
650 0 4 _aCuentos infantiles españoles
_ysiglo xxi
_2LEMB
_9997
650 0 4 _aLiteratura infantil española
_ysiglo xxi
_2LEMB
_9998
700 _aAntón, Rafa
_eill
_960299
700 _aRull, Óscar
_eaut
_958341
942 _2loc
_cBKLITI
999 _c58191
_d58191